Statistiken für Disney Filme erraten mit Bildern - Teil 3

Klicken Sie hier um das Quiz zu spielen!

Allgemein

  • Dieses Quiz wurde 1.197 mal gespielt
  • Das Durchschnittsergebnis liegt bei 11 aus 18

Antwortstatistiken

Antwort% Korrekt
Die Eiskönigin - Völlig unverfroren
98%
Rapunzel - Neu verföhnt
94%
Lilo & Stitch
89%
Zoomania
85%
Bärenbrüder
83%
Küss den Frosch
76%
Ralph Reichts
75%
Baymax
74%
Bolt - Ein Hund für alle Fälle
71%
Chaos im Netz
68%
Encanto
65%
Atlantis
63%
Raya und der letzte Drache
49%
Die Kühe sind los
37%
Der Schatzplanet
32%
Himmel und Huhn
28%
Triff die Robinsons
14%
Strange World
12%

Verteilung der Resultate

Perzentil nach korrekt beantworteten Fragen

Anzahl Personen mit jedem Resultat

Ihre Resultats-Entwicklung

Sie haben dieses Quiz noch nicht gespielt